Every Manchester United Goal Scorer in the 2005/06 Premier League - Statistics

General Stats
  • This quiz has been taken 15 times
  • The average score is 55 of 67
Answer Stats
Game Scorer % Correct
Everton (A) Rooney
100%
Newcastle United (A) Rooney
100%
Fulham (A) Rooney
100%
Sunderland (A) Rooney
100%
West Ham United (A) Rooney
100%
Portsmouth (H) Rooney
100%
Wigan Athletic (H) Rooney
100%
Wigan Athletic (H) Rooney
100%
Aston Villa (A) Rooney
100%
Birmingham City (A) Rooney
100%
Newcastle United (H) Rooney
100%
Newcastle United (H) Rooney
100%
Birmingham City (H) Rooney
100%
Arsenal (H) Rooney
100%
Tottenham Hotspur (A) Rooney
100%
Tottenham Hotspur (A) Rooney
100%
Everton (H) Giggs
92%
Birmingham City (H) Giggs
92%
Middlesbrough (A) Ronaldo
92%
Bolton Wanderers (H) Ronaldo
92%
Bolton Wanderers (H) Ronaldo
92%
Fulham (H) Ronaldo
92%
Fulham (H) Ronaldo
92%
Portsmouth (A) Ronaldo
92%
Portsmouth (A) Ronaldo
92%
Wigan Athletic (A) Ronaldo
92%
Charlton Athletic (H) Ronaldo
92%
Everton (A) van Nistelrooy
83%
Aston Villa (H) van Nistelrooy
83%
Newcastle United (A) van Nistelrooy
83%
Manchester City (H) van Nistelrooy
83%
Blackburn Rovers (H) van Nistelrooy
83%
Fulham (A) van Nistelrooy
83%
Fulham (A) van Nistelrooy
83%
Sunderland (A) van Nistelrooy
83%
Charlton Athletic (A) van Nistelrooy
83%
Charlton Athletic (A) van Nistelrooy
83%
Portsmouth (H) van Nistelrooy
83%
Wigan Athletic (H) van Nistelrooy
83%
Aston Villa (A) van Nistelrooy
83%
West Bromwich Albion (H) van Nistelrooy
83%
Birmingham City (A) van Nistelrooy
83%
Manchester City (A) van Nistelrooy
83%
Blackburn Rovers (A) van Nistelrooy
83%
Blackburn Rovers (A) van Nistelrooy
83%
Portsmouth (A) van Nistelrooy
83%
West Ham United (H) van Nistelrooy
83%
Bolton Wanderers (A) van Nistelrooy
83%
Wigan Athletic (H) Ferdinand
75%
West Bromwich Albion (H) Ferdinand
75%
Liverpool (H) Ferdinand
75%
Portsmouth (H) Scholes
75%
West Bromwich Albion (H) Scholes
75%
Bolton Wanderers (H) Saha
67%
Blackburn Rovers (A) Saha
67%
Fulham (H) Saha
67%
West Bromwich Albion (A) Saha
67%
West Bromwich Albion (A) Saha
67%
Bolton Wanderers (A) Saha
67%
Charlton Athletic (H) Saha
67%
Chelsea (H) Fletcher
58%
Arsenal (H) Park
58%
Charlton Athletic (A) Smith
58%
West Ham United (A) O'Shea
42%
Tottenham Hotspur (H) Silvestre
42%
Charlton Athletic (H) Richardson
33%
Sunderland (A) Rossi
33%
No matching quizzes found
Score Distribution
Percent of People with Each Score
Percentile by Number Answered
Your Score History
You have not taken this quiz